Φορτώνει......
Evaluation of Training effectivenes
| Κύριος συγγραφέας: | |
|---|---|
| Γλώσσα: | English |
| Έκδοση: |
Kochi
School of Management Studies
2007
|
| LEADER | 00444nam a22001337a 4500 | ||
|---|---|---|---|
| 005 | 20151215130235.0 | ||
| 008 | 100420t xxu||||| |||| 00| 0 eng d | ||
| 100 | |a Sreelekha Menon |9 18665 | ||
| 245 | |a Evaluation of Training effectivenes | ||
| 260 | |a Kochi |b School of Management Studies |c 2007 | ||
| 500 | |a MBA(FT) | ||
| 942 | |c PR |6 _ | ||
| 999 | |c 113865 |d 113865 | ||
| 952 | |0 0 |1 0 |2 ddc |4 0 |6 _ |7 0 |9 147496 |a SMS |b SMS |c REF |d 2010-04-20 |p SMSP04169 |r 2010-04-20 |w 2010-04-20 |y PR | ||